A budapesti ingatlanpiac változása Kihívások és lehetőségek az ingatlanfejlesztők számára

Bibliográfiai részletek
Szerző: Német Csongor Olivér
További közreműködők: Dobó Dr. Róbert
Dokumentumtípus: Projektmunka
Kulcsszavak:Budapest
gazdasági trendek
ingatlanfejlesztés
ingatlanpiac
kereslet-kínálat
Online Access:http://dolgozattar.uni-bge.hu/59889

MARC

LEADER 00000nnm a2200000 i 4500
001 dolg59889
005 20260409145713.0
008 260409suuuu hu o 000 hun d
040 |a BGE Dolgozattár Repozitórium  |b hun 
041 |a hu 
100 1 |a Német Csongor Olivér 
245 1 2 |a A budapesti ingatlanpiac változása  |b Kihívások és lehetőségek az ingatlanfejlesztők számára  |c Német Csongor Olivér  |h [elektronikus dokumentum] 
516 |a Project_work 
520 3 |a A projektmunka célja a budapesti új építésű ingatlanok piacának átfogó elemzése kiemelten 2020–2024 közötti időszakban, különös tekintettel a piaci trendekre, a vásárlói preferenciák változására, valamint a fenntarthatósági és okosotthon-megoldások szerepére. A kutatás során primer (mélyinterjú) és szekunder (statisztikai adatelemzés) módszereket alkalmaztam. Kiemelt figyelmet fordítottam az állami támogatások, a COVID–19 járvány, az infláció és a kamatkörnyezet változásának hatásaira.Az eredmények rávilágítanak arra, hogy míg a budapesti lakáspiacon általában lassult a tranzakciószámok növekedése, az új építésű ingatlanok iránti kereslet továbbra is stabil maradt, különösen a támogatott és energiahatékony lakások szegmensében. 
695 |a Budapest 
695 |a gazdasági trendek 
695 |a ingatlanfejlesztés 
695 |a ingatlanpiac 
695 |a kereslet-kínálat 
700 1 |a Dobó Dr. Róbert  |e ths 
856 4 0 |u http://dolgozattar.uni-bge.hu/59889/1/N%C3%A9met%20Csongor_Projektmunka_v%C3%A9gleges.pdf  |z Dokumentum-elérés 
856 4 0 |u http://dolgozattar.uni-bge.hu/59889/2/KM%20FOSZK%20b%C3%ADr%C3%A1lati%20lap%20N%C3%A9met%20Csongor%20Oliv%C3%A9r%20DR.pdf  |z Dokumentum-elérés